Представление документа в формате MARC21

Поле Инд. ПП Название Значение
Тип записи a
Библиографический уровень b
001 Контрольный номер DU/596808134
005 Дата корректировки 20200522191933.6
008 Кодируемые данные 20181129
040 b Код языка каталог. rus
e Правила каталог. PSBO
041 0_ a Код языка текста rus
084 a Индекс другой классификации/Индекс ББК 88.8-69; 88.252.1
100 1_ a Автор Неруш Т. Г.
q Полное имя Неруш Татьяна Григорьевна
100 1_ a Автор Ольхова Л. А.
q Полное имя Ольхова Лариса Анатольевна
100 1_ a Автор Падалка Е. А.
q Полное имя Падалка Екатерина Алексеевна
245 10 a Заглавие Обзор исследований феномена выгорания в российской психологии
504 a Библиография Библиогр.: с. 27 - 28
520 0_ a Аннотация Теоретический анализ работ отечественных авторов, посвященных феномену выгорания позволил определить, что основная масса исследований в основном сконцентрированы на определении его сущности; выявления его психологической структуры; его проявлений в профессиональной и во внепрофессиональной областях. Проводится анализ определений феномена выгорания ("эмоциональное выгорание", "психическое выгорание", "профессиональное выгорание"), предложенных российскими авторами, касающиеся исследований психологической структуры выгорания и его компонентного состава в различных группах профессий. Определены и обозначены основные направления эмпирических исследований выгорания в профессиональной сфере, реализованные российскими авторами: выявление его детерминант, отображение его динамики; установление его влияния на профессиональную деятельность и личность; его преодоление и профилактика. Отмечено качественное расширение сферы применения феномена выгорания в российской психологии. Также затронуты некоторые аспекты проблемы, связанные с тем, что изучение выгорания вышло за рамки профессиональной сферы, что зафиксировано в учебной деятельности у студентов и школьников, в семье у родственников, родителей и супругов
650 14 a Основная рубрика общая психология
a Основная рубрика психические процессы
a Основная рубрика психология
a Основная рубрика психология труда
653 1_ a Ключевые слова профессиональное выгорание
a Ключевые слова психическое выгорание
a Ключевые слова психологические исследования
a Ключевые слова психологическое выгорание
a Ключевые слова эмоциональное выгорание
773 08 t Заглавие источника Психология. Историко-критические обзоры и современные исследования
d Дата издания источника 2018
g Прочая информация Т. 7, № 3А. - С. 21 - 29
w Контрольный № источника DU/593710436
901 t Тип документа b